[PAROLES] Moonrock - Josman - Statistiques

Statistiques générales
  • Ce quiz a été pris 386 fois
    384 depuis la dernière actualisation
  • Le résultat moyen est 247 sur 498
Statistiques - réponses
Paroles % Correct
A
95%
à
95%
le
95%
Le
95%
de
93%
la
93%
là,
93%
ma
92%
Ma
92%
me
92%
Je
90%
je
90%
au
88%
Que
88%
que
88%
en
87%
Sourire
87%
quand
86%
Quand
86%
est
85%
aux
84%
lèvres
84%
pas
84%
Pas
84%
qu'elle
84%
m'en
83%
chérie
81%
chérie,
81%
J'ai
81%
j'ai
81%
un
81%
manque
80%
snap,
79%
comme
78%
se
77%
Ne
76%
sa
76%
dans
75%
m'dit
73%
73%
toujours
73%
Toujours
73%
Ce
71%
plan
69%
j'ressors
68%
Moonrock
68%
pour
68%
vie
68%
les
67%
Les
67%
sur
67%
Sur
67%
j'suis
66%
J'suis
66%
l'bonheur
66%
banque
65%
planque
65%
il
64%
Il
64%
l'coeur
64%
tank,
64%
c'est
63%
confiné
63%
Elle
62%
elle
62%
n'sais
62%
prank
61%
vraie
61%
dit
60%
mais
59%
l'air,
57%
l'air
57%
faut
56%
hot
56%
bien
55%
bien,
55%
côte,
55%
côté
55%
majeur
55%
Qui
54%
qui
54%
eux,
53%
l'antidote
53%
Lucas
53%
Négro,
53%
Antisystème
52%
du
52%
et
52%
paroles
52%
qu'un
52%
moi,
51%
Moi,
51%
mon
51%
n'suis
50%
Toi,
50%
toi
50%
Débrouillard,
48%
d'moi,
48%
d'moi
48%
lune,
48%
mes
48%
dote
47%
Frank
47%
j'rappe
47%
j'viens
47%
mériter
46%
bon
45%
m'demande
45%
plus
45%
Woodstock
45%
light
43%
pourquoi
43%
Occupe-toi
42%
occupe-toi
42%
ton
42%
avec
41%
fiesta
41%
me-sper
41%
petit
41%
glotte
40%
haut,
40%
problèmes
40%
saltimbanque
40%
tout
40%
déjà
39%
même
39%
restau
39%
veut
39%
bottes,
38%
carré
38%
m'aime,
38%
sale
38%
tu
38%
VIP,
38%
Bottega
37%
d'99
37%
pote
37%
crocs
36%
fasse
36%
trop
36%
adresse
35%
chien,
35%
équipé,
35%
flemme,
35%
haine
35%
hoe,
35%
notes
35%
t'reste
35%
IP
34%
sorte
34%
parler
33%
rempli
33%
derrière
32%
flow
32%
main,
32%
porte
32%
rapporte
32%
rott'
32%
d'me
31%
J'sais
31%
j'sais
31%
leur
31%
l'rooftop
31%
peine
31%
permis
31%
Regarde-moi
31%
t'as
31%
j'ressens
30%
sky'
30%
t'adresses ?
30%
veines
30%
accrédité
29%
Ils
29%
qu'j'lui
29%
soupe
29%
soupe,
29%
d'où
28%
peste
28%
claqué
27%
fuis
27%
seum
27%
crache
25%
frousse
25%
grandi
25%
patrimoine,
25%
reufs
25%
vu
25%
business,
24%
compas
24%
fait
24%
parlent
24%
trousse
24%
y
24%
bourse
23%
ce-for,
23%
lère-ga,
23%
on
23%
blase
22%
Chez
22%
J'sé-po
22%
presse
22%
sans
22%
si
22%
brousse
21%
chaînes
21%
cojones,
21%
dangereux,
21%
J'les
21%
d'la
19%
j'vais,
19%
j'vais
19%
scred'
19%
drogue
18%
J'crache
18%
poussent
18%
soute
18%
j'porte
17%
Te-ma
17%
l'chemin
16%
qu'j'ai
16%
une
15%
connu
14%
aud-ch
13%
chèques
13%
j'voyage
13%
l'emploi
13%
mouiller
13%
chattes
12%
fois
12%
gueule
12%
M'serres
12%
soie
12%
tête
12%
costume
11%
déçu
11%
font
11%
voix
11%
cent
10%
crédit
10%
FDJ
10%
l'échec
10%
l'envers
10%
soir,
10%
sous
10%
été
9%
jaloux
9%
retourner
9%
vais,
9%
l'endroit
8%
m'laisser
8%
schneks
8%
vécu
8%
barre,
7%
Freddy
7%
jactent
7%
jambes
7%
Jason
7%
rêvé
7%
verre,
7%
bâtards,
6%
cartes
6%
Cartier,
6%
chaque
6%
chic
6%
fléchies
6%
Gros,
6%
Mal
6%
méchant
6%
money,
6%
nez
6%
peur,
6%
Pouvoir
6%
ready
6%
Système
6%
toit,
6%
Accroupie,
5%
bois,
5%
canapé,
5%
C'monde
5%
d'achat,
5%
j'réfléchis
5%
j'tire
5%
L'humanité
5%
m'fait
5%
plusieurs
5%
s'met
5%
aller,
4%
Audemars,
4%
chutes
4%
débauche
4%
Dieu
4%
d'l'OPJ
4%
J'remplis
4%
l'agitais
4%
charts
3%
chocs
3%
j'y
3%
m'préserve
3%
peu-fra
2%
tops
2%
crâne,
1%
l'teddy
1%
Pourvu
1%
zep,
1%
J'sens
0%
Aucun quiz correspondant
Distribution des résultats
% des personnes avec chaque résultat
Percentile par nombre de réponses
Votre historique - résultats
Vous n’avez pas pris ce quiz depuis la dernière actualisation